LEADER 01281nam a2200313 a 4500 001 000000127533 003 CaOOAMICUS 005 20120208105224.0 008 120208s2011 xxu u000 u eng r 020 $a978-1-60258-382-5 040 $aPUL$bita 082 04$a221.4 100 1 $aFlesher, Paul Virgil McCracken.$0(OLS)http://pul/name/81374 245 14$aThe Targums :$ba critical introduction /$cPaul V. M. Flesher, Bruce Chilton. 260 $aWaco :$bBaylor University Press,$c2011. 300 $axvii, 557 p. ;$c23 cm. 500 $aInclude indice. 504 $aBibliografia: p. 511-539. 630 04$aBiblia.$pV.T.$pGenesis$xCommenti.$0(OLS)http://pul/subject/637 630 04$aTargum.$0(OLS)http://pul/subject/23333 700 1 $aChilton, Bruce.$0(OLS)http://pul/name/34427 850 $aPUL 852 $aPUL$W1$xSL Religione 3$y85$m221. 4 FLEPA 1$j147564$qDDC 21$B146194$CPULBib$Z2$F146194 $H118659 $82 941 1 $a9 996 $6020$a978-1-60258-382-5$9(OLS)http://pul/number/148878 996 $6082$a221.4$9(OLS)http://pul/classification/448 996 $6245$aThe Targums :$ba critical introduction$9(OLS)http://pul/title/161147 996 $6260$aWaco :$bBaylor University Press$9(OLS)http://pul/publisher/76721 LEADER 01486namaa2200325 i 4500 001 000000178193 003 CaOOAMICUS 005 20251105133240.0 008 251105s2024 gw u000 u ger r 020 $z978-3-525-50058-3* 032 $aLibriCat 040 $aPUL$bita 100 1 $aBeyer, Andrea,$d1983-,$eautore.$0(OLS)http://pul/name/114655 245 10$aTaten in Texten :$bFunktionen prophetischer Zeichenhandlungen /$cAndrea Beyer. 260 $aGöttingen :$bVandenhoeck & Ruprecht,$c©2024. 300 $a273 pagine ;$c24 cm 336 $atesto$btxt$2rdacontent 337 $asenza mediazione$bn$2rdamedia 338 $avolume$bnc$2rdacarrier 490 1 $aForschungen zur Religion und Literatur des Alten und Neuen Testaments ;$v289 504 $aBibliografia : pagine [253]-268. 630 04$aBiblia.$pV.T.$pProphetae$xCritica e interpretazione.$0(OLS)http://pul/subject/28065 830 0$aForschungen zur Religion und Literatur des Alten und Neuen Testaments ;$v289.$0(OLS)http://pul/title/15482 850 $aPUL 852 $aPUL$W1$xSL Religione 1$y3$m10(5) A 289$j202063$qStampati$B207282$CPULBib$Z2$F207282 $H138200 $82 941 1 $a8 996 $6020$z978-3-525-50058-3*$9(OLS)http://pul/number/170647 996 $6245$aTaten in Texten :$bFunktionen prophetischer Zeichenhandlungen$9(OLS)http://pul/title/219758 996 $6260$aGöttingen :$bVandenhoeck & Ruprecht$9(OLS)http://pul/publisher/47973